000 00386pam a2200169 a 4500
020 _a1-84081-466-7
_c
041 _h
082 _a641.5
100 _aDOESER L
_eAuthor
245 _aBEST EVER CHINESE & ASIAN
_cDOESER L
_hTextual Documents
250 _a1st
260 _aLondon
_bAnness Pub
300 _a252
653 _aFood Prodcation
700 _eCo-Author
930 _a401
999 _c227802
_d227802